| 000 | 00681nam a2200241Ia 4500 | ||
|---|---|---|---|
| 003 | OSt | ||
| 005 | 20220923222225.0 | ||
| 006 | a|||||r|||| 00| 0 | ||
| 007 | ta | ||
| 008 | ASM | ||
| 024 | _a203,837 | ||
| 037 | _cTextual | ||
| 040 |
_aARTS _cARTS _bASM |
||
| 041 |
_2ASM _aASM |
||
| 082 | _aO158vN7, 152L0 | ||
| 100 | _aमंहत, चित्र | ||
| 245 | 0 | _aअसमीया साहित्य और साहित्यकार | |
| 246 | _aAsamīyā sāhitya aur sāhityakāra | ||
| 260 | _c1970 | ||
| 650 | _aअसमी कहानी | ||
| 942 |
_hO158vN7, 152L0 _cTEXL _2CC |
||
| 999 |
_c354587 _d354587 |
||